| 000 | 00568nam 2200169 4500 | ||
|---|---|---|---|
| 001 | 5753 | ||
| 090 | _a5753 | ||
| 100 | _a20190729k u||y0frey50 ba | ||
| 101 | _afre | ||
| 200 |
_aUn pasteur en politique _bBrochure _fRené Cruse |
||
| 210 |
_a[S.l.] _c[s.n.] _d2003 _eGenève _gen vente à la Librairie du Boulevard |
||
| 215 |
_a23 p. _ccouv. ill. _d21 cm |
||
| 300 | _aTranscription d'une conférence donnée au Centre protestant de Cartigny en 1970 | ||
| 606 |
_9692 _aPacifisme |
||
| 606 |
_93699 _aProtestantisme |
||
| 700 |
_9176 _aCruse _bRené _f1922-2017 |
||
| 801 |
_aCH _bCH-002049-8 |
||